ბათუმის შოთა რუსთაველის სახელმწიფო უნივერსიტეტის ბიბლიოთეკა

ჩანაწერი Corporate Name

ჩანაწერთა რაოდენობა, რომელიც გამოყენებულია: 1

001 - CONTROL NUMBER

  • control field: 26815

003 - CONTROL NUMBER IDENTIFIER

  • control field: GE_BSU

005 - DATE AND TIME OF LATEST TRANSACTION

  • control field: 20260206163005.0

008 - FIXED-LENGTH DATA ELEMENTS

  • fixed length control field: 260206|| aca||aabn | a|a d

040 ## - CATALOGING SOURCE

  • Original cataloging agency: GE_BSU
  • Transcribing agency: GE_BSU

110 ## - HEADING--CORPORATE NAME

  • Corporate name or jurisdiction name as entry element: საქ. სსრ მეცნ. აკად., ი. ჯავახიშვილის სახ. ისტ., არქეოლ. და ეთნოგრ. ინ-ტი

670 ## - SOURCE DATA FOUND

  • Source citation: Work cat.: (GE_BSU)56371: ტივაძე, გიორგი. 26813, შუა საუკუნეების ისტორია. წ. 2, [ევროპის ქვეყნების ისტორია XII ს.-XVII ს. პირველი ნახევარი] :